Technological innovation in the '80s
This volume in the distinguished American Assembly series addresses a timely question. What are our prospects for, and roadblocks to technological innovations.
Αποθηκεύτηκε σε:
| Συγγραφή απο Οργανισμό/Αρχή: | |
|---|---|
| Μορφή: | Βιβλίο |
| Γλώσσα: | Undetermined |
| Έκδοση: |
Englewood Cliffs, N.J.
Prentice-Hall
1984
|
| Θέματα: | |
| Ετικέτες: |
Προσθήκη ετικέτας
Δεν υπάρχουν, Καταχωρήστε ετικέτα πρώτοι!
|
| Thư viện lưu trữ: | Trung tâm Học liệu Trường Đại học Cần Thơ |
|---|
| LEADER | 00846nam a2200217Ia 4500 | ||
|---|---|---|---|
| 001 | CTU_227737 | ||
| 008 | 210402s9999 xx 000 0 und d | ||
| 082 | |a 338.973 | ||
| 082 | |b A512 | ||
| 110 | |a The American Assembly, Columbia University | ||
| 245 | 0 | |a Technological innovation in the '80s | |
| 245 | 4 | |c The American Assembly, Columbia University | |
| 260 | |a Englewood Cliffs, N.J. | ||
| 260 | |b Prentice-Hall | ||
| 260 | |c 1984 | ||
| 520 | |a This volume in the distinguished American Assembly series addresses a timely question. What are our prospects for, and roadblocks to technological innovations. | ||
| 650 | |a Đổi mới công nghệ,Technological innovations | ||
| 650 | |x Hội nghị,Congresses | ||
| 650 | |z Hoa Kỳ,United States | ||
| 910 | |b dqhieu | ||
| 980 | |a Trung tâm Học liệu Trường Đại học Cần Thơ | ||